000 00618nam a2200193Ia 4500
005 20250326143542.0
008 250326s9999 xx 000 0 und d
020 _a1-84376-412-1
037 _aTextbook
040 _aFMSL
_beng
_cFMSL
041 _aeng
_2eng
084 _aX:72 P3
_qFMSL
100 _aHarris J M Ed.
_9748186
245 0 _aNew thinking in macroeconomics : social, institutional and environmental perspectives
_cHarris J M Ed.; Goodwin N R
260 _aUnited Kingdom
_bUnited Kingdom, Edward Elgar
_c2003
300 _axxxiv,259
942 _cTB
_hX:72 P3
999 _c1300061
_d1300061